000 00958nam a2200229 a 4500
001 54103
003 BD-RjUL
005 20211209080055.0
008 161101s2002 ii ||||| |||| 00| 0 ben d
020 _c: IRs 100.00
035 _a(BD-RjUL)54225
040 _aBD-RjUL
_bben
_cBD-RjUL
041 _aben
082 _223
_a891.44309
_bCHB 2002
100 _aচট্রোপাধ্যায়, শংকর
_9161529
245 1 0 _aবাংলা উপন্যাসের নিঃসঙ্গ নায়ক ১৯১৪-১৯৫০ /
_cশংকর চট্রোপাধ্যায়
260 _aকলকাতা :
_bকরুণা প্রকাশনী,
_c২০০২
300 _a২৫৬ পৃ. ;
_c২১ সেমি.
650 _aবাংলা উপন্যাস
_xইতিহাস ও সমালোচনা
_9120092
650 _aBengali Fictions
_xHistory Criticism
_9161530
942 _2ddc
_cBK
_01
999 _c54103
_d54103